004690000a220009700045001000024000002450067000243000050000915200157001416500016002987730057003141 aCabrera Paz, José10aNativos Interactivos: tocar, ver y actuar en el mundo digital. anúm.54 (Enero- Febrero, 2012), Pág. 34-41 aEste artículo aborda algunas de las principales estrategias para la incorporación y uso pedagógico de las tecnologías digitales con los niños.14aEDUCACIÓN0 tRevista internacional magisterio : educación y ped